000 00775nas a2200241 4500
001 BR9502888
003 BR-BrBNA
005 20231205094235.0
007 ta
008 230509b bl.|||p| |||| 00| 00por d
040 _aBR-BrBNA
_bpor
_cBiblioteca Nacional de Agricultura
041 _a(Pt)
072 _aH20
100 1 _aDemuner, N.L.
100 1 _aFerreira, F.A.
245 1 _aFungicidas para erradicacao de uredosporos e teliosporos de Prospodium bicolor em fol olos maduros de ipe-amarelo (Tabebuia serratifolia)
650 _aIpe Amarelo
650 _aFerrugem
650 _aFungicida
773 0 _tRevista Arvore (Brazil)
_xISSN 0100-6762
_g(Sep-Dec 1992), v. 16(3) p. 368-372
_wBR9502888
909 _a202311
_bLúcia
_c55
_dLúcia Elande
942 _2AGRIS
_n0
_cANA
999 _c143025
_d143025